000 00408nam a2200157Ia 4500
008 220530s9999 xx 000 0 und d
020 _a978-93-80836-40-9
041 _aeng
082 _a820
_bSIN
100 _aSingh, Surendra Kumar
_956995
245 _aDr.B.R. Ambedkar's Political Philosophy
250 _a1st
260 _aNew Delhi
_bCentrum Press
_c2011
300 _aVII;304P
_bPB
906 _a135
_bGB
999 _c51617
_d51617